000 00800cam a22002531 4500
001 28346
003 BD-RjUL
005 20211209051253.0
008 140330s1959 nju 001 0 eng
035 _a(BD-RjUL)28427
035 _a(OCoLC)1035237
040 _aDLC
_cOClU
_dUk
_dDLC
_dBD-RjUL
_beng
041 _aeng
082 _a110
_bHAT 1959
_223
100 1 _aHart, Charles A.
_q(Charles Aloysius),
_d1893-1959.
_986797
245 1 0 _aThomistic metaphysics :
_ban inquiry into the act of existing /
_cCharles A. Hart.
260 _aEnglewood Cliffs, N.J. :
_bPrentice-Hall,
_cc1959.
300 _a413p. ;
_c24cm.
504 _aIncludes bibliography & Index.
600 0 0 _aThomas,
_cAquinas, Saint,
_d1225?-1274.
_9168908
650 0 _aMetaphysics
_986799
942 _2ddc
_cBK
999 _c28346
_d28346